000 00739nam a2200229 i 4500
001 39885
003 ES-MaACL
005 20250804063356.0
007 t|
008 030304s1966 sp ||||1| spa d
100 1 _aCandel, Francisco,
_d1925-2007
_934448
245 1 0 _aHay una juventud que aguarda
_b: raro intento de novelar unos pensamientos y unas conversaciones /
_cFrancisco Candel ; prólogo de Tomás Salvador.
250 _a[1ª ed.].
260 _aBarcelona :
_bG.P.,
_c[1966]
300 _a284 p. ;
_c19 cm.
490 1 _aDoy fe
700 1 _aSalvador, Tomás.
_9102080
830 0 _aDoy fe
_9181823
852 _aES-MaACL
_jC-31146
_bR.70190
852 _aES-MaACL
_jC-29956
_bR.60204
999 _c39885
_d39885